Acerca del Purismo: escritos, 1918-1926
Сохранить в:
| Главные авторы: | , |
|---|---|
| Формат: | |
| Язык: | испанский |
| Опубликовано: |
Madrid
El Cróquis
1993
|
| Серии: | Biblioteca de Arquitectura, 4
|
| Предметы: | |
| Метки: |
Добавить метку
Нет меток, Требуется 1-ая метка записи!
|
MARC
| LEADER | 00000cam a2200000 a 4500 | ||
|---|---|---|---|
| 001 | UCF6536 | ||
| 003 | CL-VaPUC | ||
| 008 | 130503e19930000SP |||||||||||||||||spa|d | ||
| 020 | |a 8488386060 | ||
| 082 | 0 | 4 | |a 709.04 |b OZE |2 21 |
| 100 | |a Ozenfant, Amédée |e autor |9 568534 | ||
| 700 | 0 | |a Jeanneret, Charles Edouard |e author |9 520392 | |
| 245 | 1 | 0 | |a Acerca del Purismo: escritos, 1918-1926 |
| 300 | |a 266 p | ||
| 942 | |c BK | ||
| 945 | |d 20130503 00:00:00 |a dcastane | ||
| 260 | |a Madrid |b El Cróquis |c 1993 | ||
| 650 | 7 | |a TEORIA DE LA ARQUITECTURA |2 CL-VaPUC |9 483680 | |
| 650 | 0 | |a Teoría del arte |9 387638 | |
| 650 | 0 | |a Historia de la arquitectura |9 266241 | |
| 650 | 0 | |a Estética |9 264950 | |
| 583 | |a last modification |c 20130503 10:06:00 |k Rodrigo Vera | ||
| 490 | 0 | |a Biblioteca de Arquitectura, 4 | |
| 999 | |c 351705 |d 351703 | ||
| 952 | |0 0 |1 0 |4 0 |6 709_040000000000000_OZE_1993 |7 0 |8 A |9 455984 |a BIBARQ |b BIBARQ |d 2019-11-22 |i 4968697 |l 2 |o 709.04 OZE 1993 |p 4968697 |r 2025-01-20 |s 2023-05-26 |w 2019-11-22 |y BK |k ARQ | ||